000 00275nam a2200121Ia 4500
008 190216s9999||||xx |||||||||||||| ||und||
100 _aKhanna.M.L
245 0 _aSolid Geometry
260 _bJaiprakashnath&Co:
_c1952
300 _a386p
650 _aMathematics
942 _cBK
999 _c30547
_d30547